000 00550cam a2200157 4500500
005 20260329014732.0
041 _afre
042 _adc
100 1 0 _aNivat, Georges
_eauthor
700 1 0 _aToranian, Valérie
_eauthor
245 0 0 _aGeorges Nivat. « La seule idéologie de Poutine, c’est la victoire »
260 _c2022.
500 _a58
786 0 _nRevue des deux Mondes | Septembre | 6 | 2022-09-01 | p. 10-25 | 2266-4734
856 4 1 _uhttps://shs.cairn.info/revue-revue-des-deux-mondes-2022-6-page-10?lang=fr&redirect-ssocas=7080
999 _c1891660
_d1891660